header

Service provider perspectives on family violence interventions (Record no. 44481)

MARC details
000 -LEADER
fixed length control field 01904nam a2200349Ia 4500
082 04 - DEWEY DECIMAL CLASSIFICATION NUMBER
Classification number 362.82920973
245 00 - TITLE STATEMENT
Title Service provider perspectives on family violence interventions
260 ## - PUBLICATION, DISTRIBUTION, ETC. (IMPRINT)
Place of publication Washington, D.C. :
Name of publisher National Academy Press,
Year of publication 1995.
300 ## - PHYSICAL DESCRIPTION
Number of Pages vi, 115 p.
500 ## - GENERAL NOTE
General note Committee chair: Patricia King.
General note "Support for this project was provided by the Carnegie Corporation of New York, the U.S. Department of Health and Human Services, and the U.S. Department of Justice."
650 #0 - SUBJECT ADDED ENTRY--TOPICAL TERM
Topical Term Family violence
Topical Term Child abuse
700 1# - ADDED ENTRY--PERSONAL NAME
Personal name King, Patricia.
856 40 - ELECTRONIC LOCATION AND ACCESS
Uniform Resource Identifier http://site.ebrary.com/lib/rucke/Doc?id=10072067

No items available.

© 2026 Rongo University
Contact us: librarian | system librarian | Rongo university